000 00314nam a22001097a 4500
008 150521b xxu||||| |||| 00| 0 eng d
082 _a620.5RAT
100 _aRatner,Mark & Ratner,Daniel
245 _aNanotechnology : a Gentle Introduction to the Next Big Idea
260 _aIndia
_bPerson Education
_c2003
942 _cBK
999 _c23272
_d23272